Normal view
MARC view
- Infrared radiation
Entry Topical Term
001 - CONTROL NUMBER
- control field: 2220
003 - CONTROL NUMBER IDENTIFIER
- control field: NUST
005 - DATE AND TIME OF LATEST TRANSACTION
- control field: 20170608105030.0
008 - FIXED-LENGTH DATA ELEMENTS
- fixed length control field: 170608|| aca||aabn | a|a d
040 ## - CATALOGING SOURCE
- Original cataloging agency: NUST
- Transcribing agency: NUST
150 ## - HEADING--TOPICAL TERM
- Topical term or geographic name entry element: Infrared radiation
- General subdivision: Atmospheric effects.
670 ## - SOURCE DATA FOUND
- Source citation: Work cat.: (NUST)0: Vardavas, Ilias M. 2217, Radiation and climate:, 2007.
